[Event "VII Open FIDE"]
[Site "Forli' ITA"]
[Date "1994.??.??"]
[Round "?"]
[White "Beggi, Pierluigi"]
[Black "Sarno, Spartaco"]
[Result "0-1"]
[WhiteElo "2220"]
[BlackElo "2395"]
[PlyCount "62"]
[EventDate "1994.??.??"]

1. c4 e5 2. Nc3 Nf6 3. d4 exd4 4. Qxd4 Nc6 5. Qd2 g6 6. g3 Bg7 7. Bg2 O-O 8.
Nh3 d6 9. Nf4 Nd7 10. b3 Nc5 11. Bb2 Ne5 12. O-O Re8 13. Rad1 a5 14. Qc1 c6 15.
Ne4 Nxe4 16. Bxe4 f5 17. Bg2 Nf7 18. Rd2 Qe7 19. Rfd1 Be5 20. Nd3 Bg7 21. Nf4
Be6 22. Rd3 Be5 23. Re3 Qf6 24. Bxe5 dxe5 25. Nxe6 Qxe6 26. Red3 Re7 27. e4
fxe4 28. Bxe4 Qf6 29. Rf3 Qg7 30. c5 Kh8 31. Rd6 Nxd6 0-1

[Event "VII Open FIDE"]
[Site "Forli' ITA"]
[Date "1994.??.??"]
[Round "?"]
[White "Dorfman, Iossif D."]
[Black "Naumkin, Igor"]
[Result "1-0"]
[WhiteElo "2570"]
[BlackElo "2455"]
[PlyCount "89"]
[EventDate "1994.??.??"]

1. Nf3 e6 2. g3 d5 3. Bg2 Nf6 4. O-O c5 5. d3 Nc6 6. Nbd2 Be7 7. e4 O-O 8. Re1
b5 9. Nf1 b4 10. exd5 exd5 11. h3 h6 12. a3 bxa3 13. b3 Be6 14. Bxa3 Qd7 15. g4
a5 16. Bb2 Ra7 17. Ng3 d4 18. Bc1 Nd5 19. Bd2 Bd6 20. Nh4 Bxg3 21. fxg3 a4 22.
bxa4 Ncb4 23. a5 Qc7 24. Ng6 Rfa8 25. Nf4 Qd6 26. g5 hxg5 27. Nxe6 fxe6 28.
Bxb4 cxb4 29. Qg4 Ne3 30. Rxe3 dxe3 31. Bxa8 Rxa8 32. Qxg5 Qd4 33. Re1 b3 34.
cxb3 e2+ 35. Kg2 Qxd3 36. Qh5 Qxb3 37. Rxe2 Qc4 38. Rf2 Qe4+ 39. Kh2 e5 40.
Qf7+ Kh7 41. Qh5+ Kg8 42. Re2 Qc4 43. Rxe5 Rf8 44. Qe2 Qa4 45. Qd2 1-0

[Event "VII Open FIDE"]
[Site "Forli' ITA"]
[Date "1994.??.??"]
[Round "?"]
[White "Fico, Massimiliano"]
[Black "Beggi, Pierluigi"]
[Result "0-1"]
[WhiteElo "2300"]
[BlackElo "2220"]
[PlyCount "60"]
[EventDate "1994.??.??"]

1. e4 c5 2. c3 d5 3. exd5 Qxd5 4. d4 cxd4 5. cxd4 Nc6 6. Nf3 e5 7. Nc3 Bb4 8.
Be2 exd4 9. O-O Bxc3 10. bxc3 Nge7 11. Nxd4 O-O 12. Ba3 Rd8 13. Qa4 Nxd4 14.
cxd4 Bd7 15. Qb4 Nc6 16. Qxb7 Rab8 17. Qc7 Nxd4 18. Bc4 Qg5 19. f4 Qf5 20. Rac1
Rbc8 21. Qe5 Nc2 22. Rxc2 Qxc2 23. Bb2 Qg6 24. Bb3 Re8 25. Qd4 Qb6 26. f5 Re2
27. Qxb6 axb6 28. Bd4 Bc6 29. Rc1 Rxg2+ 30. Kf1 Rxh2 0-1

[Event "VII Open FIDE"]
[Site "Forli' ITA"]
[Date "1994.??.??"]
[Round "?"]
[White "Giorgadze, Giorgi"]
[Black "Wojtkiewicz, Aleksander"]
[Result "1/2-1/2"]
[WhiteElo "2555"]
[BlackElo "2555"]
[PlyCount "65"]
[EventDate "1994.??.??"]

1. e4 c5 2. Nc3 Nc6 3. g3 g6 4. Bg2 Bg7 5. d3 d6 6. Be3 e5 7. Qd2 Nf6 8. h3 Be6
9. g4 h5 10. g5 Nd7 11. Nce2 O-O 12. c3 b5 13. h4 Nb6 14. Ng3 Rc8 15. N1e2 Qe7
16. f4 exf4 17. Nxf4 Ne5 18. O-O Ng4 19. Nxe6 fxe6 20. Bh3 Nxe3 21. Qxe3 Nd7
22. Ne2 Rxf1+ 23. Rxf1 Re8 24. d4 Nf8 25. Rd1 Qc7 26. Qd3 a6 27. Kg2 cxd4 28.
cxd4 Qb7 29. Rc1 Rc8 30. Rxc8 Qxc8 31. d5 Be5 32. Ng1 Kf7 33. b3 1/2-1/2

[Event "VII Open FIDE"]
[Site "Forli' ITA"]
[Date "1994.??.??"]
[Round "?"]
[White "Iotti, Pierluigi"]
[Black "Novikov, Igor A."]
[Result "0-1"]
[WhiteElo "2255"]
[BlackElo "2565"]
[PlyCount "70"]
[EventDate "1994.??.??"]

1. d4 d5 2. Nf3 Nf6 3. c4 e6 4. Nc3 c6 5. e3 Nbd7 6. Qc2 Bd6 7. b3 O-O 8. Bb2
Qe7 9. Be2 dxc4 10. bxc4 e5 11. O-O Re8 12. Rfe1 e4 13. Nd2 Nf8 14. f3 exf3 15.
Bxf3 Ng4 16. Nf1 Qg5 17. Qd2 Bc7 18. Ne4 Qg6 19. Nf2 Nxf2 20. Qxf2 Bf5 21. Bc3
Ne6 22. Nd2 Ng5 23. Kh1 Qh6 24. Qg1 Re6 25. e4 Nxf3 26. gxf3 Rg6 27. Qf2 Bg3
28. Qe2 Bh3 29. Rg1 Bf4 30. e5 Be6 31. Rxg6 hxg6 32. Rb1 b6 33. Rb2 Qh5 34. Rb3
b5 35. Qe4 Qxh2# 0-1

[Event "VII Open FIDE"]
[Site "Forli' ITA"]
[Date "1994.??.??"]
[Round "?"]
[White "Sedina, Elena"]
[Black "Beggi, Pierluigi"]
[Result "1/2-1/2"]
[WhiteElo "2320"]
[BlackElo "2220"]
[PlyCount "86"]
[EventDate "1994.??.??"]

1. e4 c5 2. Nf3 d6 3. c3 Nf6 4. Be2 e6 5. O-O Be7 6. Re1 O-O 7. Bf1 b6 8. d4
Bb7 9. Bd3 Nbd7 10. Qe2 e5 11. Bg5 Ne8 12. Bxe7 Qxe7 13. Nbd2 Nc7 14. dxe5 Nxe5
15. Nxe5 dxe5 16. Nc4 Ne6 17. Qe3 Nf4 18. Bf1 Rad8 19. g3 Ng6 20. Rad1 Qe6 21.
b3 h5 22. Rxd8 Rxd8 23. Qg5 Qf6 24. Qxh5 b5 25. Na5 Ba8 26. Qe2 a6 27. Bg2 Qd6
28. Bf3 Qd2 29. Qxd2 Rxd2 30. a4 Nf8 31. axb5 axb5 32. Re2 Rd3 33. Re3 Rxe3 34.
fxe3 Ne6 35. h4 Nc7 36. Kf2 Kf8 37. g4 f6 38. Bg2 Ne6 39. Bf1 Nc7 40. Bd3 Kf7
41. Ke2 Ke7 42. Kd2 Kd6 43. b4 c4 1/2-1/2

[Event "Festival A"]
[Site "Formia ITA"]
[Date "1994.07.16"]
[Round "1"]
[White "Alterman, Boris"]
[Black "Matkovic, Tonci"]
[Result "1-0"]
[WhiteElo "2585"]
[BlackElo "2255"]
[PlyCount "75"]
[EventDate "1994.07.16"]

1. c4 Nf6 2. Nc3 g6 3. e4 d6 4. d4 Bg7 5. Be2 O-O 6. Bg5 Nbd7 7. Qd2 c6 8. Rd1
e5 9. Nf3 Re8 10. d5 c5 11. O-O a6 12. Ne1 Rb8 13. a3 Qc7 14. Rb1 Nf8 15. Nd3
N6d7 16. b4 b6 17. Rb2 Bb7 18. Rfb1 Rec8 19. Be3 f5 20. f3 Nf6 21. bxc5 bxc5
22. Qc2 N8d7 23. exf5 gxf5 24. Nf2 f4 25. Bd2 Ba8 26. Bd3 Rxb2 27. Rxb2 Rb8 28.
Rxb8+ Qxb8 29. Bf5 Bb7 30. Nfe4 Nf8 31. Qb1 Ne8 32. Ng5 h6 33. Bh7+ Nxh7 34.
Qxh7+ Kf8 35. Qf5+ Nf6 36. Nh7+ Kf7 37. Nxf6 Bxf6 38. Ne4 1-0

[Event "Festival A"]
[Site "Formia ITA"]
[Date "1994.07.16"]
[Round "1"]
[White "Bartolini, Tommaso"]
[Black "Naumkin, Igor"]
[Result "0-1"]
[WhiteElo "2090"]
[BlackElo "2475"]
[PlyCount "100"]
[EventDate "1994.07.16"]

1. d4 e6 2. c4 f5 3. Nc3 Nf6 4. g3 Bb4 5. Bd2 O-O 6. Bg2 d6 7. Qb3 a5 8. Nf3
Qe8 9. Nb5 Bxd2+ 10. Nxd2 Na6 11. a3 e5 12. dxe5 dxe5 13. Qc3 a4 14. e4 Qe7 15.
Qc2 Nc5 16. Nc3 f4 17. Nd5 Qd6 18. b4 axb3 19. Nxb3 Nxb3 20. Qxb3 Nd7 21. O-O
Nc5 22. Qc3 c6 23. Nb6 Rb8 24. Rfd1 Qf6 25. Nxc8 Rbxc8 26. Qb4 Qe7 27. Rd2 Rce8
28. Re1 Ne6 29. Qxe7 Rxe7 30. Rb1 Nc5 31. f3 Ra8 32. gxf4 exf4 33. Rbd1 Ree8
34. e5 Rxe5 35. Bh3 Rxa3 36. Rd8+ Kf7 37. Rh8 Rxf3 38. Rxh7 Rd3 39. Rf1 Rd4 40.
Rh4 Rg5+ 41. Kh1 Rxc4 42. Rhxf4+ Rxf4 43. Rxf4+ Ke7 44. Bf1 b5 45. h4 Rg6 46.
Bg2 Nd3 47. Re4+ Kf6 48. Re8 Kf7 49. Rc8 Ne5 50. Rc7+ Ke6 0-1

[Event "Festival A"]
[Site "Formia ITA"]
[Date "1994.07.16"]
[Round "1"]
[White "Belotti, Bruno"]
[Black "Schmidt-Wilke, Jens"]
[Result "1-0"]
[WhiteElo "2455"]
[BlackElo "2085"]
[PlyCount "57"]
[EventDate "1994.07.16"]

1. e4 c5 2. Nf3 d6 3. d4 cxd4 4. Nxd4 Nf6 5. Nc3 g6 6. Be2 Bg7 7. O-O Nc6 8.
Nb3 O-O 9. Bg5 h6 10. Bh4 a5 11. a4 Kh7 12. f4 Be6 13. Kh1 Rc8 14. Qd2 Nb4 15.
Nd4 Bc4 16. Rad1 d5 17. e5 Nd7 18. Bxc4 Rxc4 19. Ncb5 g5 20. fxg5 Nxe5 21. gxh6
Bxh6 22. Bg5 Qb6 23. b3 Rcc8 24. c3 Nbd3 25. Nf5 Bxg5 26. Qxg5 Qf6 27. Qh5+ Kg8
28. Nh6+ Qxh6 29. Qxh6 1-0

[Event "Festival A"]
[Site "Formia ITA"]
[Date "1994.07.16"]
[Round "1"]
[White "Blancke, Stefan"]
[Black "Liguori, Renato"]
[Result "1-0"]
[WhiteElo "2275"]
[BlackElo "1888"]
[PlyCount "33"]
[EventDate "1994.07.16"]

1. d4 Nf6 2. c4 g6 3. Nc3 Bg7 4. Nf3 O-O 5. g3 d6 6. Bg2 c6 7. O-O Qa5 8. h3
Nbd7 9. e4 Rb8 10. e5 dxe5 11. dxe5 Ne8 12. Re1 Nc7 13. Bd2 Qc5 14. Be3 Qxc4
15. Bf1 Qb4 16. a3 Qxb2 17. Na4 1-0

[Event "Festival A"]
[Site "Formia ITA"]
[Date "1994.07.16"]
[Round "1"]
[White "Borgo, Giulio"]
[Black "Cialdea, Alberto"]
[Result "1-0"]
[WhiteElo "2320"]
[BlackElo "1900"]
[PlyCount "59"]
[EventDate "1994.07.16"]

1. e4 Nf6 2. e5 Nd5 3. d4 d6 4. Bc4 Nb6 5. Bb3 g6 6. Nf3 Bg7 7. Qe2 d5 8. Bf4
Nc6 9. c3 O-O 10. a4 Na5 11. Bc2 Bd7 12. h4 h5 13. Ng5 Qc8 14. e6 Bxe6 15. Nxe6
Qxe6 16. Qxe6 fxe6 17. Bxc7 Kh7 18. Nd2 Rac8 19. Bxb6 axb6 20. Nf3 Nc4 21.
O-O-O Kh6 22. Rhe1 Rc6 23. Re2 e5 24. dxe5 e6 25. Nd4 Rcc8 26. Nxe6 Rfe8 27.
Nxg7 Kxg7 28. Rxd5 Rc7 29. f4 Rf7 30. g3 1-0

[Event "Festival A"]
[Site "Formia ITA"]
[Date "1994.07.16"]
[Round "1"]
[White "Contin, Daniel"]
[Black "Accardo, Francesco"]
[Result "1-0"]
[WhiteElo "2425"]
[BlackElo "1991"]
[PlyCount "55"]
[EventDate "1994.07.16"]

1. c4 Nf6 2. Nc3 g6 3. g3 Bg7 4. Bg2 O-O 5. d3 c6 6. e4 d6 7. Nge2 Bg4 8. h3
Bd7 9. O-O e5 10. Be3 Na6 11. f4 Qc8 12. Kh2 Nc7 13. Qd2 Nh5 14. f5 b5 15. g4
Nf4 16. Nxf4 exf4 17. Bxf4 b4 18. Ne2 d5 19. cxd5 c5 20. Rac1 Nb5 21. Ng3 Bd4
22. e5 Qa6 23. Ne4 f6 24. e6 gxf5 25. gxf5 Be8 26. d6 Kh8 27. Nxc5 Bxc5 28.
Rxc5 1-0

[Event "Festival A"]
[Site "Formia ITA"]
[Date "1994.07.16"]
[Round "1"]
[White "Della Ragione, Achille"]
[Black "Grosar, Aljosa"]
[Result "0-1"]
[WhiteElo "2040"]
[BlackElo "2430"]
[PlyCount "146"]
[EventDate "1994.07.16"]

1. c4 Nf6 2. Nc3 c5 3. g3 d5 4. cxd5 Nxd5 5. Bg2 Nc7 6. Qa4+ Bd7 7. Qc4 Nc6 8.
Qxc5 e5 9. Qc4 Nd4 10. Qd3 Nce6 11. Nf3 Nc5 12. Qb1 Bf5 13. d3 Nxe2 14. Bg5
Nxc3 15. bxc3 Nxd3+ 16. Kf1 Qd7 17. Nh4 Bh3 18. Be3 Bxg2+ 19. Kxg2 Be7 20. Nf3
O-O 21. Rd1 e4 22. Ne5 Qd5 23. Nxd3 exd3+ 24. f3 Rfd8 25. Bd4 Bf6 26. Qxd3 Rac8
27. Qe4 Qxe4 28. fxe4 Bxd4 29. cxd4 Rc2+ 30. Kf3 Rxh2 31. d5 f6 32. a4 Kf8 33.
Rab1 Rd7 34. Rdc1 Ra2 35. Rb4 Ra3+ 36. Kf4 Kf7 37. Rcb1 h5 38. e5 fxe5+ 39.
Kxe5 Rxg3 40. Rxb7 Rg5+ 41. Ke4 Rgxd5 42. R1b5 Rd4+ 43. Ke3 Kg6 44. a5 R4d6 45.
a6 Re6+ 46. Kf3 Rd3+ 47. Kf4 Rd4+ 48. Kf3 Rxa6 49. Rc5 Ra3+ 50. Ke2 Rh4 51.
Rc6+ Kh7 52. Rb1 Rh2+ 53. Kd1 Rh1+ 54. Kc2 Rxb1 55. Kxb1 Rd3 56. Ra6 Rd7 57.
Kc2 g6 58. Kc3 h4 59. Kc4 Kh6 60. Kc5 Kh5 61. Kc6 Rd3 62. Rxa7 h3 63. Kc5 g5
64. Kc4 Rd8 65. Kc5 g4 66. Rh7+ Kg5 67. Rg7+ Kf4 68. Rf7+ Kg3 69. Ra7 h2 70.
Ra3+ Kh4 71. Ra7 g3 72. Rh7+ Kg4 73. Kc4 Kf3 0-1

[Event "Festival A"]
[Site "Formia ITA"]
[Date "1994.07.16"]
[Round "1"]
[White "Foisor, Ovidiu-Doru"]
[Black "Bevilacqua, Roberto"]
[Result "1-0"]
[WhiteElo "2440"]
[BlackElo "2054"]
[PlyCount "59"]
[EventDate "1994.07.16"]

1. c4 Nf6 2. Nf3 g6 3. g3 d6 4. Bg2 e5 5. Nc3 Bg7 6. O-O O-O 7. d3 h6 8. Rb1
Re8 9. Nd2 Nbd7 10. b4 Rb8 11. Nb3 Nf8 12. Na5 N6h7 13. Be3 c5 14. Qa4 e4 15.
Nxe4 f5 16. Nxd6 Rxe3 17. Nxc8 Rxe2 18. Nxa7 Ra8 19. Nxb7 Qb8 20. Qd1 Rxa2 21.
Nb5 cxb4 22. c5 Nf6 23. c6 Qe5 24. Qb3+ Kh7 25. N7d6 R2a3 26. Nxa3 Qxd6 27. Nb5
Qe5 28. Qxb4 Nd5 29. Bxd5 Qxd5 30. Nc7 1-0

[Event "Festival A"]
[Site "Formia ITA"]
[Date "1994.07.16"]
[Round "1"]
[White "Gazik, Igor"]
[Black "Mola, Pietro"]
[Result "1-0"]
[WhiteElo "2425"]
[BlackElo "2175"]
[PlyCount "65"]
[EventDate "1994.07.16"]

1. e4 c5 2. Nc3 Nc6 3. d3 g6 4. g3 Bg7 5. Bg2 e6 6. Be3 d6 7. Qd2 Nd4 8. Rb1
Ne7 9. Nce2 Bd7 10. c3 Ndc6 11. h4 h5 12. Nf3 a6 13. O-O b5 14. b4 cxb4 15.
cxb4 a5 16. a3 axb4 17. axb4 O-O 18. Nc3 Ne5 19. Bh6 Nxf3+ 20. Bxf3 Bxh6 21.
Qxh6 Ra3 22. Qc1 Qa8 23. Qd2 Rc8 24. Rfc1 Qa6 25. d4 Nc6 26. Be2 Ne7 27. Qb2
Rcxc3 28. Rxc3 Ra2 29. Qc1 Rxe2 30. Rc7 Nc6 31. Rxd7 Nxd4 32. Qf4 f5 33. Qh6
1-0

[Event "Festival A"]
[Site "Formia ITA"]
[Date "1994.07.16"]
[Round "1"]
[White "Godena, Michele"]
[Black "Gagliardi, Pietro"]
[Result "1-0"]
[WhiteElo "2485"]
[BlackElo "2195"]
[PlyCount "81"]
[EventDate "1994.07.16"]

1. e4 c6 2. d3 d5 3. Nd2 e5 4. Ngf3 Bd6 5. Qe2 d4 6. Nc4 Bb4+ 7. Nfd2 Nd7 8. a3
Be7 9. f4 exf4 10. e5 Nc5 11. Ne4 Nxe4 12. Qxe4 Be6 13. Bxf4 Qd5 14. Be2 O-O-O
15. Qxd5 Bxd5 16. Bg4+ Be6 17. Bxe6+ fxe6 18. O-O b5 19. Nd6+ Bxd6 20. exd6 Nf6
21. Be5 Rhf8 22. Bxd4 Kb7 23. Rae1 Rxd6 24. Bc5 Rfd8 25. Bxd6 Rxd6 26. Re5 Kc7
27. Rfe1 Kd7 28. a4 a6 29. Rg5 g6 30. axb5 axb5 31. Ra1 Rd5 32. Rxd5+ exd5 33.
Ra7+ Kd6 34. h3 d4 35. Kf2 Ke5 36. Rc7 Kd6 37. Rg7 Ke5 38. g4 Nd5 39. Rxh7 Ne3
40. Re7+ Kf4 41. Re4+ 1-0

[Event "Festival A"]
[Site "Formia ITA"]
[Date "1994.07.16"]
[Round "1"]
[White "Imbrogno, Rinaldo"]
[Black "Manca, Federico"]
[Result "0-1"]
[WhiteElo "1902"]
[BlackElo "2375"]
[PlyCount "84"]
[EventDate "1994.07.16"]

1. e4 d6 2. f4 e5 3. d3 Nc6 4. Nf3 d5 5. exd5 Qxd5 6. fxe5 Bg4 7. Be2 Nxe5 8.
O-O Bc5+ 9. Kh1 Ng6 10. Ng5 Bxe2 11. Qxe2+ N8e7 12. Nc3 Qc6 13. Be3 Bxe3 14.
Qxe3 O-O 15. Rf2 Nd5 16. Nxd5 Qxd5 17. Raf1 Rae8 18. Qg3 Re7 19. a3 Qe5 20.
Qxe5 Rxe5 21. Nf3 Re7 22. g3 Rfe8 23. Kg2 f6 24. Nd2 Ne5 25. h3 c5 26. Ne4 b6
27. g4 h6 28. Kg3 Rd8 29. Re2 Nc6 30. h4 Re5 31. Rfe1 Nd4 32. Rf2 h5 33. c3 Nc6
34. Re3 hxg4 35. Kxg4 Ne7 36. Kf3 Nf5 37. Nxf6+ gxf6 38. Rxe5 fxe5 39. Ke4 Nxh4
40. Kxe5 Rxd3 41. Ke6 Nf3 42. Kf5 Nd2 0-1

[Event "Festival A"]
[Site "Formia ITA"]
[Date "1994.07.16"]
[Round "1"]
[White "Isonzo, David"]
[Black "Djuric, Stefan"]
[Result "0-1"]
[WhiteElo "2124"]
[BlackElo "2485"]
[PlyCount "72"]
[EventDate "1994.07.16"]

1. Nf3 c5 2. g3 Nc6 3. Bg2 g6 4. O-O Bg7 5. d3 d6 6. Nbd2 Nf6 7. e4 O-O 8. a4
Bd7 9. Re1 Qc7 10. Nc4 Ng4 11. h3 Nge5 12. Nfxe5 dxe5 13. Be3 b6 14. h4 Rad8
15. Qc1 Nd4 16. Bxd4 cxd4 17. Qd2 Qc5 18. Kh2 Be6 19. b3 Rc8 20. Bh3 f5 21.
exf5 gxf5 22. Re2 e4 23. Rae1 Bxc4 24. bxc4 e3 25. fxe3 Bh6 26. exd4 Bxd2 27.
dxc5 Bxe1 28. cxb6 Bb4 29. b7 Rc7 30. Bg2 Rb8 31. Re5 Rcxb7 32. Bxb7 Rxb7 33.
Rxf5 a6 34. Rg5+ Kf7 35. Rh5 Bc3 36. Rxh7+ Kg6 0-1

[Event "Festival A"]
[Site "Formia ITA"]
[Date "1994.07.16"]
[Round "1"]
[White "Langeweg, Kick"]
[Black "Zlochevskij, Alexander"]
[Result "1/2-1/2"]
[WhiteElo "2390"]
[BlackElo "2505"]
[PlyCount "54"]
[EventDate "1994.07.16"]

1. d4 e6 2. c4 Bb4+ 3. Bd2 a5 4. Nc3 d5 5. e3 Nf6 6. Nf3 O-O 7. Qc2 Re8 8. a3
Bf8 9. Be2 b6 10. O-O Bb7 11. Rfd1 Nbd7 12. Rac1 Rc8 13. cxd5 exd5 14. Be1 c6
15. Bd3 Bd6 16. Qb1 Qe7 17. Bf5 g6 18. Bd3 Ne4 19. Bf1 f5 20. g3 Ndf6 21. Na4
b5 22. Nc5 Nxc5 23. dxc5 Bxc5 24. Bxa5 Ne4 25. Be1 Bb6 26. b4 Rc7 27. Nd4 Qf6
1/2-1/2

[Event "Festival A"]
[Site "Formia ITA"]
[Date "1994.07.16"]
[Round "1"]
[White "Leoncini, Mario"]
[Black "Konopka, Michal"]
[Result "1-0"]
[WhiteElo "2195"]
[BlackElo "2455"]
[PlyCount "121"]
[EventDate "1994.07.16"]

1. e4 Nf6 2. e5 Nd5 3. d4 d6 4. Nf3 Nb6 5. c4 g6 6. Be2 Bg7 7. O-O O-O 8. Nc3
Nc6 9. exd6 cxd6 10. h3 Bf5 11. Bg5 h6 12. Be3 d5 13. c5 Nc4 14. Bc1 b6 15. Qa4
N6a5 16. cxb6 axb6 17. Qb5 Nd6 18. Qa4 Bd7 19. Qd1 e6 20. Bf4 Qe7 21. Re1 Rfc8
22. Bd3 Bc6 23. Rc1 Bb7 24. Qe2 Ne8 25. Be5 Nc6 26. Bxg7 Kxg7 27. Bb5 Qf6 28.
Bxc6 Bxc6 29. Ne5 Nd6 30. Nxc6 Rxc6 31. Nxd5 Rxc1 32. Nxf6 Rxe1+ 33. Qxe1 Kxf6
34. Qb4 Nf5 35. a4 Ne7 36. b3 Nd5 37. Qd6 Kg7 38. Qe5+ Kh7 39. Qd6 Rc8 40. Qa3
Rc2 41. Qf8 Rc7 42. h4 g5 43. hxg5 hxg5 44. b4 Kg6 45. a5 Rc1+ 46. Kh2 bxa5 47.
bxa5 Ra1 48. Qg8+ Kf6 49. Qd8+ Kf5 50. Qg8 Kf6 51. Qc8 Ra2 52. a6 Nb4 53. Qc4
Rxa6 54. Qxb4 Ra7 55. d5 Rd7 56. Qd4+ Ke7 57. Qc5+ Kf6 58. d6 e5 59. Qd5 g4 60.
Kg1 Kf5 61. Kf1 1-0

[Event "Festival A"]
[Site "Formia ITA"]
[Date "1994.07.16"]
[Round "1"]
[White "Pagnoncelli, Marco"]
[Black "Bacrot, Etienne"]
[Result "0-1"]
[WhiteElo "1900"]
[BlackElo "2300"]
[PlyCount "64"]
[EventDate "1994.07.16"]

1. e4 c5 2. Nf3 d6 3. d4 cxd4 4. Nxd4 Nf6 5. Nc3 Nc6 6. Bg5 e6 7. Qd2 a6 8.
O-O-O h6 9. Bxf6 Qxf6 10. Nb3 b5 11. f4 Qd8 12. Kb1 Be7 13. g4 Bb7 14. Bg2 Qb6
15. Qe2 b4 16. Nd5 exd5 17. exd5 Na7 18. Rhe1 Nc8 19. Nd4 O-O 20. g5 g6 21.
gxh6 Bf6 22. Qf2 Na7 23. f5 g5 24. Qg3 Kh7 25. Be4 Rg8 26. Qh3 Nb5 27. Nxb5
axb5 28. Qh5 Rgf8 29. Rg1 Qa7 30. Rxg5 Qxa2+ 31. Kc1 Qxb2+ 32. Kd2 Qd4+ 0-1

[Event "Festival A"]
[Site "Formia ITA"]
[Date "1994.07.16"]
[Round "1"]
[White "Palac, Mladen"]
[Black "Martorelli, Antonio"]
[Result "1-0"]
[WhiteElo "2495"]
[BlackElo "2245"]
[PlyCount "69"]
[EventDate "1994.07.16"]

1. e4 c5 2. Nf3 e6 3. d4 cxd4 4. Nxd4 a6 5. Bd3 Nf6 6. O-O Qc7 7. Qe2 d6 8. c4
Be7 9. b3 O-O 10. Bb2 b6 11. Nd2 Bb7 12. f4 Nc6 13. N2f3 Nxd4 14. Nxd4 g6 15.
Nc2 d5 16. cxd5 exd5 17. e5 Ne4 18. f5 Rae8 19. Kh1 Bd8 20. Bxe4 dxe4 21. Ne3
Bg5 22. Nc4 Rd8 23. Qg4 Bd2 24. e6 b5 25. Ne5 f6 26. fxg6 fxe5 27. Rf7 Rxf7 28.
gxf7+ Kf8 29. Rf1 Ke7 30. f8=Q+ Rxf8 31. Qg7+ Kxe6 32. Qxf8 Qe7 33. Qg8+ Kd6
34. Rd1 e3 35. Ba3+ 1-0

[Event "Festival A"]
[Site "Formia ITA"]
[Date "1994.07.16"]
[Round "1"]
[White "Scacco, Mauro"]
[Black "Foisor, Cristina-Adela"]
[Result "0-1"]
[WhiteElo "1998"]
[BlackElo "2405"]
[PlyCount "62"]
[EventDate "1994.07.16"]

1. Nf3 Nf6 2. b3 g6 3. Bb2 Bg7 4. c4 O-O 5. e3 c5 6. Be2 Nc6 7. O-O d6 8. d4
Bg4 9. Nbd2 cxd4 10. exd4 Nh5 11. h3 Bd7 12. Re1 a5 13. a3 e5 14. dxe5 dxe5 15.
Nxe5 Nxe5 16. Bxh5 Re8 17. Be2 Bc6 18. Qc2 Qg5 19. Ne4 Bxe4 20. Qxe4 Nxc4 21.
Qxc4 Bxb2 22. Rad1 Rac8 23. Bf1 Qf6 24. Qa4 Rxe1 25. Rxe1 Rc2 26. Qe8+ Kg7 27.
Re2 Rxe2 28. Bxe2 Bxa3 29. Bf3 Bc5 30. Qd7 Qb2 31. Bxb7 Bxf2+ 0-1

[Event "Festival A"]
[Site "Formia ITA"]
[Date "1994.07.16"]
[Round "1"]
[White "Serebrjanik, Alexander"]
[Black "Kharkova, Elena"]
[Result "1/2-1/2"]
[WhiteElo "2420"]
[BlackElo "2205"]
[PlyCount "98"]
[EventDate "1994.07.16"]

1. d4 d5 2. c4 e6 3. Nc3 Bb4 4. e3 Nf6 5. Bd3 O-O 6. cxd5 exd5 7. Nge2 b6 8.
O-O Bb7 9. Qc2 Re8 10. Bd2 Nbd7 11. a3 Bf8 12. b4 a6 13. f3 c5 14. bxc5 bxc5
15. Na4 cxd4 16. exd4 Bd6 17. Ng3 Qb8 18. Be1 Rc8 19. Qd1 Bc6 20. Nc3 g6 21.
Bf2 Nf8 22. Na4 Ne6 23. Nc5 Nxc5 24. dxc5 Be5 25. Rb1 Qc7 26. Rb6 Nd7 27. Rxa6
Rxa6 28. Bxa6 Ra8 29. Qe2 Qa5 30. Bd3 Nxc5 31. Qxe5 Nxd3 32. Qg5 Nxf2 33. Rxf2
Re8 34. h4 Qxa3 35. Nf5 Qa1+ 36. Rf1 Qe5 37. Nh6+ Kg7 38. Ng4 Qxg5 39. hxg5 d4
40. Rd1 Rd8 41. Kf2 Bb5 42. f4 Bc6 43. Rd2 Bb5 44. Rb2 Bd7 45. Ne5 Be6 46. Rd2
Rd6 47. Nf3 d3 48. Ne5 f6 49. Rxd3 Ra6 1/2-1/2

[Event "Festival A"]
[Site "Formia ITA"]
[Date "1994.07.16"]
[Round "1"]
[White "Siraco, Maurizio"]
[Black "Ortega, Lexy"]
[Result "0-1"]
[WhiteElo "2082"]
[BlackElo "2450"]
[PlyCount "60"]
[EventDate "1994.07.16"]

1. e4 c5 2. Nf3 d6 3. d4 cxd4 4. Nxd4 Nf6 5. Nc3 a6 6. Bc4 e6 7. Bb3 Nbd7 8. f4
Nc5 9. f5 Be7 10. Qf3 Bd7 11. g4 h5 12. fxe6 fxe6 13. h3 O-O 14. g5 Nfxe4 15.
Qxh5 Ng3 16. Qg4 Nxb3 17. axb3 Nxh1 18. Be3 Qe8 19. O-O-O Nf2 20. Bxf2 Rxf2 21.
g6 Rf6 22. Rg1 e5 23. Qh5 Rxg6 24. Rxg6 exd4 25. Nd5 Bd8 26. Kb1 Rc8 27. Qh6
Qf7 28. Rg1 Rc5 29. Nf4 Rf5 30. Rg4 Bf6 0-1

[Event "Festival A"]
[Site "Formia ITA"]
[Date "1994.07.16"]
[Round "1"]
[White "Sulava, Nenad"]
[Black "Nannelli, Paolo"]
[Result "1/2-1/2"]
[WhiteElo "2410"]
[BlackElo "1992"]
[PlyCount "120"]
[EventDate "1994.07.16"]

1. d4 d5 2. c4 c6 3. Nf3 Nf6 4. Nc3 dxc4 5. Ne5 b5 6. g3 Bb7 7. Bg2 Qb6 8. O-O
e6 9. e4 Be7 10. Be3 O-O 11. g4 Qd8 12. f4 Nbd7 13. Nxd7 Nxd7 14. g5 Re8 15. h4
b4 16. Na4 f5 17. gxf6 Nxf6 18. Qe2 Ba6 19. Rf2 Bb5 20. Nc5 Bxc5 21. dxc5 Qd3
22. Qxd3 cxd3 23. Bf3 a5 24. Kh2 Ra7 25. a3 Rd7 26. h5 h6 27. Rg1 Kf8 28. axb4
axb4 29. Rg6 Rde7 30. Bd2 b3 31. Bc3 Rf7 32. Rfg2 Ree7 33. Kh3 Nd7 34. f5 exf5
35. exf5 Re3 36. R2g3 Rxf5 37. Bxg7+ Kf7 38. Bg4 Rxg3+ 39. Kxg3 Rg5 40. Bxh6
Rxg4+ 41. Rxg4 Nxc5 42. Be3 Nd7 43. h6 Nf6 44. Rg7+ Kf8 45. Bc5+ Ke8 46. Re7+
Kd8 47. h7 Nxh7 48. Rxh7 d2 49. Bb6+ Kc8 50. Rc7+ Kd8 51. Rh7+ Kc8 52. Rh8+ Kb7
53. Rd8 Kxb6 54. Rxd2 Bc4 55. Kf4 Bd5 56. Ke5 Kc5 57. Rh2 Bg8 58. Rh1 Bd5 59.
Rc1+ Kb5 60. Kd4 Kb6 1/2-1/2

[Event "Festival A"]
[Site "Formia ITA"]
[Date "1994.07.16"]
[Round "1"]
[White "Tan, Chengxuan"]
[Black "Canelli, Daniele"]
[Result "1-0"]
[WhiteElo "2380"]
[BlackElo "1938"]
[PlyCount "45"]
[EventDate "1994.07.16"]

1. e4 c5 2. Nf3 d6 3. d4 cxd4 4. Nxd4 a6 5. c4 Nf6 6. Nc3 g6 7. Be2 Bg7 8. O-O
O-O 9. Bg5 Nc6 10. Nc2 Ne5 11. Ne3 Bd7 12. Ned5 Nxd5 13. Nxd5 f6 14. Be3 Bc6
15. f4 Nd7 16. f5 Nc5 17. Bf3 Rc8 18. b4 Nd7 19. Rc1 Ne5 20. fxg6 hxg6 21. Bg4
Nxg4 22. Qxg4 Be8 23. Qxc8 1-0

[Event "Festival A"]
[Site "Formia ITA"]
[Date "1994.07.16"]
[Round "1"]
[White "Tribuiani, Renato"]
[Black "Robovic, Saudin"]
[Result "0-1"]
[WhiteElo "1996"]
[BlackElo "2415"]
[PlyCount "66"]
[EventDate "1994.07.16"]

1. e4 c5 2. Nc3 e6 3. Nf3 a6 4. d4 cxd4 5. Nxd4 Qc7 6. g3 Nf6 7. Bg2 Nc6 8.
Nde2 Be7 9. O-O O-O 10. Nf4 d6 11. Be3 Ne5 12. Bd4 b5 13. Nd3 Bb7 14. f4 Nxd3
15. cxd3 e5 16. Bf2 Rad8 17. Rc1 Qb8 18. Qb3 Ng4 19. f5 Bg5 20. Rc2 Nxf2 21.
Kxf2 Qa7+ 22. Ke1 Rc8 23. Nd1 Rxc2 24. Qxc2 Rc8 25. Qf2 Qb8 26. Ne3 Qc7 27. Ke2
Qa5 28. Ra1 Qb4 29. Kf3 Bxe3 30. Qxe3 d5 31. Kg4 Qxb2 32. f6 Rc6 33. Qa7 Bc8+
0-1

[Event "Festival A"]
[Site "Formia ITA"]
[Date "1994.07.16"]
[Round "1"]
[White "Vignato, Giovanni"]
[Black "Marinelli, Tullio"]
[Result "0-1"]
[WhiteElo "1960"]
[BlackElo "2375"]
[PlyCount "53"]
[EventDate "1994.07.16"]

1. d4 Nf6 2. c4 e6 3. Nf3 b6 4. g3 Bb7 5. Bg2 Be7 6. O-O O-O 7. Nc3 Ne4 8. Nxe4
Bxe4 9. Nd2 Bxg2 10. Kxg2 d5 11. cxd5 Qxd5+ 12. Nf3 Nd7 13. Qc2 Qb7 14. e4 c5
15. Bf4 Rac8 16. dxc5 Nxc5 17. Rfe1 Rfd8 18. Qe2 h6 19. Ne5 f5 20. f3 fxe4 21.
fxe4 Rd4 22. Qf3 Rxe4 23. Rxe4 Nxe4 24. Rc1 Rxc1 25. Bxc1 Bf6 26. Ng4 Bd4 27.
Kf1 0-1